00676nam a22001577a 450000500170000000800410001702000180005805000200007610000260009624500830012225000120020526001820021730000290039950400220042860000680045020171201110014.0171201b mx ||||| |||| 00| 0 spa d a978607795760704aJA76 bO45 20131 aOliva Mendoza, Carlos10aSemiótica y capitalismo :bensayos sobre la obra de Bolívar Echeverría / a1a ed.  aMéxico, D.F. : bUniversidad Nacional Autónoma de México, Dirección General de Apoyo al Personal Académico, Facultad de Filosofía y Letras : Editorial Itaca, c2013. a249 p. : bil, ;c21 cm aIncluye índice 1 aEcheverría, Bolívar d1941-2010xSociología política